Völker in den Asterix-Comics - Statistiken

Allgemein
  • Dieses Quiz wurde 180 mal gespielt
    149 seit der letzten Aktualisierung
  • Das Durchschnittsergebnis liegt bei 11 aus 32
Antwortstatistiken
Volk Heutiges Staatsgebiet Auch in den Filmen? Weitere Hinweise % Korrekt
Gallier Belgien, Frankreich, Italien, Luxemburg, Schweiz ja Enthält 7 weitere Völker
93%
Ägypter Ägypten ja
81%
Briten Vereinigtes Königreich ja
77%
Römer Italien (ursprünglich) ja
76%
Griechen / Hellenen Griechenland ja
71%
Normannen / Wikinger Dänemark, Island, Norwegen, Schweden ja eigentlich während der Zeit von Asterix noch nicht existent
70%
Indianer Kanada, Vereinigte Staaten ja Bezeichnung für mehrere Völker
64%
Germanen Deutschland ja Enthält 3 weitere Völker
63%
Goten Deutschland nein Volk innerhalb eines anderen Volks; eigentlich während der Zeit von Asterix noch nicht existent
59%
Chinesen China ja
58%
Belgier Belgien nein Volk innerhalb eines anderen Volks
55%
Inder Indien ja Bezeichnung für mehrere Völker
48%
Pikten Vereinigtes Königreich nein
46%
Helvetier Schweiz nein Volk innerhalb eines anderen Volks
42%
Iberer Andorra, Portugal, Spanien ja
35%
Phönizier Israel, Libanon, Syrien nein
32%
Assyrer Irak, Syrien nein
23%
Kuschiter / Nubier Sudan nein
23%
Averner Frankreich nein Volk innerhalb eines anderen Volks
19%
Sumerer Irak nein eigentlich während der Zeit von Asterix nicht mehr existent
17%
Hethiter Syrien, Türkei nein eigentlich während der Zeit von Asterix nicht mehr existent
9%
Meder Iran nein eigentlich während der Zeit von Asterix nicht mehr existent
9%
Markomannen Tschechische Republik nein Volk innerhalb eines anderen Volks
6%
Numider Algerien, Tunesien ja
5%
Sarmaten Russland, Ukraine nein
4%
Aeduer Frankreich nein Volk innerhalb eines anderen Volks; nur erwähnt
2%
Akkadier Irak, Syrien oder Türkei nein eigentlich während der Zeit von Asterix nicht mehr existent
2%
Atlanter / nein kein reales Volk
2%
Kadurker Frankreich nein Volk innerhalb eines anderen Volks
0%
Sequaner Frankreich nein Volk innerhalb eines anderen Volks; nur erwähnt
0%
Sigambrer Deutschland nein Volk innerhalb eines anderen Volks; nur erwähnt
0%
Triboker Frankreich nein Volk innerhalb eines anderen Volks; nur erwähnt
0%
Keine übereinstimmenden Quizze gefunden
Verteilung der Resultate
Anzahl Personen mit jedem Resultat
Perzentil nach korrekt beantworteten Fragen
Ihre Resultats-Entwicklung
Sie haben dieses Quiz seit der letzten Aktualisierung nicht gespielt